| Поле | Инд. | ПП | Название | Значение |
|---|---|---|---|---|
| Тип записи | a | |||
| Библиографический уровень | m | |||
| 001 | Контрольный номер | RU/IS/BASE/264535307 | ||
| 005 | Дата корректировки | 20250327161058.1 | ||
| 008 | Кодируемые данные | 19951221 | ||
| 040 | 00 | e | Правила каталог. | Л 951221 |
| 084 | a | Индекс другой классификации/Индекс ББК | 85.103(2=411.2); 85.103(2Рос=Рус)42; 85.113(2Рос=Рус)42-69 | |
| 090 | 00 | a | Полочн. индекс | 85.103(2=411.2) |
| x | Авторский знак | И 907 | ||
| 097 | 00 | a | 230 | |
| 245 | 00 | a | Заглавие | История русского искусства |
| c | Ответственность | под общей редакцией И. Э. Грабаря, В. С. Кеменова, В. Н. Лазарева | ||
| n | Номер части/ раздела | Т.3 | ||
| 260 | 00 | a | Место издания | Москва |
| b | Издательство | АН СССР. Институт истории искусств | ||
| c | Дата издания | 1955 | ||
| 300 | 00 | a | Объем | 747 с. |
| b | Иллюстрации/ тип воспроизводства | ил. | ||
| 336 | a | Термин вида содержания | Текст | |
| 337 | a | Термин типа средства | непосредственный | |
| 600 | 14 | a | Персоналии | Дионисий (рус. живописец) |
| a | Персоналии | Рублев Андрей | ||
| 650 | 04 | a | Основная рубрика | изобразительное искусство |
| a | Основная рубрика | искусство | ||
| a | Основная рубрика | история изобразительного искусства | ||
| 653 | 00 | a | Ключевые слова | архитектура |
| a | Ключевые слова | города | ||
| a | Ключевые слова | гравюры | ||
| a | Ключевые слова | декоративно-прикладное искусство | ||
| a | Ключевые слова | живопись | ||
| a | Ключевые слова | иконопись | ||
| a | Ключевые слова | княжества | ||
| a | Ключевые слова | мастерство художника | ||
| a | Ключевые слова | миниатюра | ||
| a | Ключевые слова | Москва | ||
| a | Ключевые слова | Московское государство | ||
| a | Ключевые слова | резьба | ||
| a | Ключевые слова | Россия | ||
| a | Ключевые слова | русское искусство | ||
| a | Ключевые слова | скульптура | ||
| a | Ключевые слова | средние века | ||
| a | Ключевые слова | строгановская школа | ||
| a | Ключевые слова | художественное творчество | ||
| a | Ключевые слова | художники | ||
| a | Ключевые слова | шитье | ||
| 700 | 10 | a | Автор | Грабарь И. Э. |
| e | Роль лиц | редактор | ||
| 700 | 10 | a | Автор | Кеменов В. С. |
| e | Роль лиц | редактор | ||
| 700 | 10 | a | Автор | Лазарев В. Н. |
| e | Роль лиц | редактор | ||
| 700 | 10 | a | Автор | Рыбаков Б. А. |
| 700 | 10 | a | Автор | Мнева Н. Е. |
| 700 | 10 | a | Автор | Ильин М. А. |
| 700 | 10 | a | Автор | Косточкин В. В. |
| 700 | 10 | a | Автор | Постникова-Лосева М. М. |
| 700 | 10 | a | Автор | Сидоров А. А. |
| 700 | 10 | a | Автор | Дмитриев Ю. Н. |
| 901 | t | Тип документа | m | |
| 952 | a | Тип литературы для КСУ ВШ | НАУ |